<?xml version="1.0" encoding="UTF-8"?><?xml-stylesheet type="text/xsl" href="static/style.xsl"?><OAI-PMH xmlns="http://www.openarchives.org/OAI/2.0/" xmlns:xsi="http://www.w3.org/2001/XMLSchema-instance" xsi:schemaLocation="http://www.openarchives.org/OAI/2.0/ http://www.openarchives.org/OAI/2.0/OAI-PMH.xsd"><responseDate>2026-04-27T20:06:26Z</responseDate><request verb="GetRecord" identifier="oai:uvadoc.uva.es:10324/72048" metadataPrefix="marc">https://uvadoc.uva.es/oai/request</request><GetRecord><record><header><identifier>oai:uvadoc.uva.es:10324/72048</identifier><datestamp>2024-12-16T08:37:48Z</datestamp><setSpec>com_10324_38</setSpec><setSpec>col_10324_852</setSpec></header><metadata><record xmlns="http://www.loc.gov/MARC21/slim" xmlns:doc="http://www.lyncode.com/xoai" xmlns:xsi="http://www.w3.org/2001/XMLSchema-instance" xmlns:dcterms="http://purl.org/dc/terms/" xsi:schemaLocation="http://www.loc.gov/MARC21/slim http://www.loc.gov/standards/marcxml/schema/MARC21slim.xsd">
<leader>00925njm 22002777a 4500</leader>
<datafield tag="042" ind1=" " ind2=" ">
<subfield code="a">dc</subfield>
</datafield>
<datafield tag="720" ind1=" " ind2=" ">
<subfield code="a">Díaz Caíña, Itziar</subfield>
<subfield code="e">author</subfield>
</datafield>
<datafield tag="260" ind1=" " ind2=" ">
<subfield code="c">2024</subfield>
</datafield>
<datafield tag="520" ind1=" " ind2=" ">
<subfield code="a">Las crisis alimentarias han supuesto a lo largo de la historia un gran reto para el ser &#xd;
humano, puesto que muchas de ellas han acabado y siguen acabando con la vida de &#xd;
miles de personas cada día. El hambre, nuestra mayor crisis jamás experimentada y de &#xd;
la que pocas soluciones esclarecedoras se presentan en un escenario cercano, es &#xd;
actualmente una de las mayores causas de mortalidad en el mundo. Sin embargo, no es &#xd;
la única amenaza de inseguridad alimentaria actual. Las guerras, las epidemias o el &#xd;
cambio climático suponen una amenaza para la inseguridad alimentaria del planeta. Es &#xd;
por esto por lo que en el presente trabajo se analizarán los impactos de las últimas crisis &#xd;
alimentarias más relevantes en la economía de los diferentes estados, y en especial en &#xd;
la UE</subfield>
</datafield>
<datafield tag="024" ind2=" " ind1="8">
<subfield code="a">https://uvadoc.uva.es/handle/10324/72048</subfield>
</datafield>
<datafield ind1=" " ind2=" " tag="653">
<subfield code="a">Alimentos - Abastecimiento</subfield>
</datafield>
<datafield tag="245" ind1="0" ind2="0">
<subfield code="a">El impacto de las crisis alimentarias  en la economía de la UE desde 1960</subfield>
</datafield>
</record></metadata></record></GetRecord></OAI-PMH>